000 01014nam a2200277 i 4500
001 bg
003 BPK
005 20210607133659.0
008 041010s2004 pl a f |000 0 pol
020 _a8388771469
040 _cBPK
041 0 _apol
080 _a711.2(438)
080 _a504.03(438)
245 0 0 _aEkologiczne aspekty gospodarki przestrzennej.
_nT. 2 /
_cpod red. Teresy Łaguny.
260 _aBiałystok :
_bWydaw. "Ekonomia i Środowisko",
_c2004.
300 _a286 s. :
_bwykr. ;
_c24 cm.
500 _aT. 1 ukazał się pt.: " Ekonomiczne aspekty gospodarki przestrzennej".
504 _aBibliogr. przy rozdz.
650 4 _aPlanowanie przestrzenne
_xpolityka
_zPolska
_yod 1989 r.
650 4 _aOchrona środowiska
_zPolska
_yod 1989 r.
650 4 _aEkorozwój
_zPolska
_yod 1989 r.
700 1 _aŁaguna, Teresa Maria
_d(1945- )
_eRedakcja
856 _uhttp://koha.tu.koszalin.pl/cgi-bin/koha/opac-detail.pl?biblionumber=46758
_yKatalog online BPK
942 _cKS
_2UKD
999 _c46758
_d46758